Foods that are Red by Picture - Statistics

General Stats
  • This quiz has been taken 190 times
  • The average score is 11 of 16
Answer Stats
Picture Answer % Correct
Strawberries
100%
Red Cherries
98%
Apples
95%
Tomatoes
95%
Red Chili Peppers
91%
Raw Beef
86%
Pepperoni
81%
Beets
80%
Pomegranates
76%
Kidney Beans
63%
Cranberries
62%
Plums
50%
Red Potatoes
48%
Blood Oranges
46%
Red Lentils
34%
Goji Berries
8%
No matching quizzes found
Score Distribution
Percent of People with Each Score
Percentile by Number Answered
Your Score History
You have not taken this quiz